| 000 | 01064nji a22002897a 4500 | ||
|---|---|---|---|
| 005 | 2010091704104.0 | ||
| 006 | a|||||r|||||00| 0 | ||
| 007 | sd ammalaaahaa | ||
| 008 | 100830t xxu||||| |||| 00| 0 eng d | ||
| 028 |
_aEMGPE 5053 _bEMI |
||
| 035 | _aGR-03126 | ||
| 040 |
_aSED _cSED |
||
| 100 |
_917455 _aMohammad Rafi |
||
| 245 |
_aNai umar ki nai fasal / _cby Mohammad Rafi; lyric by Neeraj; music by Roshan _h[sound recording] : |
||
| 246 | _aनई उम्र की नई फसल / मोहम्मद रफ़ी द्वारा | ||
| 260 |
_aDum Dum, India _bEMI _c1979 |
||
| 300 |
_a1 sound disc [Gramophone Recording]: _banalog, 45 rpm _c7 in. (SP) _fGramophone Record |
||
| 500 | _aBrief Record | ||
| 500 | _aRecord labels : EMI, Green | ||
| 505 | _a(Aaj ki raat) (Mohammad Rafi) | ||
| 600 |
_aMohammad Rafi _920551 |
||
| 650 |
_aFilm songs _zIndia _91186 _xExcerpts |
||
| 700 |
_aNeeraj _920572 |
||
| 700 |
_aRoshan _920591 |
||
| 942 |
_2ddc _cGR |
||
| 999 |
_c46617 _d46617 |
||